• 首页
  • 本馆介绍
  • 公告通知
  • 最新文献
  • 馆藏检索
  • 电子资源
  • 读者导购
  • 参考咨询
  • 我的图书馆
  • 登录
  • 详细信息显示
  • 放入我的书架
  • 预约/预借图书
  • 作者相关作品
  • 分类相关作品
  • 丛书相关作品
  • 出版社相关作品

书目信息

  • 表格格式
  • 工作单格式
  • 卡片格式
题名:
模拟、数字及电力电子技术学习指导
    
 
作者: 王萍 , 刘京茂 主编
分册:  
出版信息: 北京   电子工业出版社  2017
页数: 236页
开本: 26cm
丛书名:
单 册:
中图分类: TN710.4 , TN710
科图分类:
主题词: 模拟电路--教学参考资料 , 数字电路--教学参考资料 , 电力电子学--教学参考资料
电子资源:
ISBN: 978-7-121-30741-6
000 01180nam0 2200277 450
001 2342574850
005 20231129114957.73
010    @a978-7-121-30741-6@dCNY39.00
100    @a20171018d2017 em y0chiy50 ea
101 0  @achi
102    @aCN@b110000
105    @aa z 000yy
200 1  @a模拟、数字及电力电子技术学习指导@Amo ni 、 shu zi ji dian li dian zi ji shu xue xi zhi dao@f王萍,刘京茂主编
210    @a北京@c电子工业出版社@d2017
215    @a236页@c图@d26cm
300    @a应用型系列教材/吴国华总主编
330    @a本书是《模拟、数字及电力电子技术》的配套学习指导书。分模拟电子技术、数字电子技术及电力电子技术三部分。内容包括:半导体器件基础、放大电路及其分析方法、集成运算放大器及其应用、数字电路基础、逻辑门电路和触发器、组合逻辑电路、时序逻辑电路、脉冲波形的产生与整形、常用电力电子器件、相控整流电路和斩控电路与交-交变换电路,附录是2013~2015年考试真题。
606 0  @a模拟电路@j教学参考资料
606 0  @a数字电路@j教学参考资料
606 0  @a电力电子学@j教学参考资料
690    @aTN710.4@v5
690    @aTN710@v4
701  0 @a王萍@Awang ping@4主编
701  0 @a刘京茂@Aliu jing mao@4主编
801  0 @aCN@b山东中教@c20231126
905    @aBZT@dTN710@e34
    
    模拟、数字及电力电子技术学习指导/王萍,刘京茂主编.-北京:电子工业出版社,2017
    236页:图;26cm
    应用型系列教材/吴国华总主编
    
    ISBN 978-7-121-30741-6:CNY39.00
    本书是《模拟、数字及电力电子技术》的配套学习指导书。分模拟电子技术、数字电子技术及电力电子技术三部分。内容包括:半导体器件基础、放大电路及其分析方法、集成运算放大器及其应用、数字电路基础、逻辑门电路和触发器、组合逻辑电路、时序逻辑电路、脉冲波形的产生与整形、常用电力电子器件、相控整流电路和斩控电路与交-交变换电路,附录是2013~2015年考试真题。
●
相关链接 在五车中查询图书 在当当中查询图书 在豆瓣中查询图书


正题名:模拟、数字及电力电子技术学习指导     索取号:TN710/34         预约/预借

序号 登录号 条形码 馆藏地/架位号 状态 备注
1 2001186017   2001186017   东辅楼二楼书库/ [索取号:TN710/34] 在馆    
2 2001186018   2001186018   东辅楼二楼书库/ [索取号:TN710/34] 在馆    
3 2001186019   2001186019   东辅楼二楼书库/ [索取号:TN710/34] 在馆    
4 2001186020   2001186020   东辅楼二楼书库/ [索取号:TN710/34] 在馆    
5 2001186021   2001186021   东辅楼二楼书库/ [索取号:TN710/34] 在馆    
6 2001186022   2001186022   东辅楼二楼书库/ [索取号:TN710/34] 在馆    
7 2001186023   2001186023   东辅楼二楼书库/ [索取号:TN710/34] 在馆    
8 2001186024   2001186024   东辅楼二楼书库/ [索取号:TN710/34] 在馆    
9 2001186025   2001186025   东辅楼二楼书库/ [索取号:TN710/34] 在馆    
10 2001186026   2001186026   东辅楼二楼书库/ [索取号:TN710/34] 在馆    
11 2001186027   2001186027   东辅楼二楼书库/ [索取号:TN710/34] 在馆    
12 2001186028   2001186028   东辅楼二楼书库/ [索取号:TN710/34] 在馆    
13 2001186029   2001186029   东辅楼二楼书库/ [索取号:TN710/34] 在馆    
14 2001186030   2001186030   东辅楼二楼书库/ [索取号:TN710/34] 在馆    
15 2001186031   2001186031   东辅楼二楼书库/ [索取号:TN710/34] 在馆    
16 2001186032   2001186032   东辅楼二楼书库/ [索取号:TN710/34] 在馆    
17 2001186033   2001186033   东辅楼二楼书库/ [索取号:TN710/34] 在馆    
18 2001186034   2001186034   东辅楼二楼书库/ [索取号:TN710/34] 在馆    
19 2001186035   2001186035   东辅楼二楼书库/ [索取号:TN710/34] 在馆    
20 2001186036   2001186036   东辅楼二楼书库/ [索取号:TN710/34] 在馆    
21 2001186037   2001186037   东辅楼二楼书库/ [索取号:TN710/34] 在馆    
22 2001186038   2001186038   东辅楼二楼书库/ [索取号:TN710/34] 在馆    
23 2001186039   2001186039   东辅楼二楼书库/ [索取号:TN710/34] 在馆    
24 2001186040   2001186040   东辅楼二楼书库/ [索取号:TN710/34] 在馆    
25 2001186041   2001186041   东辅楼二楼书库/ [索取号:TN710/34] 在馆    
26 2001186042   2001186042   东辅楼二楼书库/ [索取号:TN710/34] 在馆    
27 2001186043   2001186043   东辅楼二楼书库/ [索取号:TN710/34] 在馆    
28 2001186044   2001186044   东辅楼二楼书库/ [索取号:TN710/34] 在馆    
29 2001186045   2001186045   东辅楼二楼书库/ [索取号:TN710/34] 在馆    
30 2001186046   2001186046   东辅楼二楼书库/ [索取号:TN710/34] 在馆    
山东省滨州职业学院图书馆 欢迎您!
大连网信软件有限公司© 版权所有